| 000 | 00953cam a2200217 i 4500 | ||
|---|---|---|---|
| 005 | 20251203115450.0 | ||
| 008 | 250721s2002 sy gr 000 0 ara d | ||
| 082 | 1 | 4 |
_a213.5 _bح ا ر |
| 100 | 1 |
_aالحارث المحاسبي، أبو عبد الله بن أسد _eمؤلف. |
|
| 245 | 1 | 2 |
_aالتوهم : _bرحلة الإنسان في عالم الأخرة / _cللحارث المحاسبي ؛ اعتنى به خالد محمود خادم السروجي، محمد علي محمد بحري. |
| 250 | _aالطبعة الثالثة مزيدة ومنقحة. | ||
| 264 | 3 | 1 |
_aدمشق : _bمكتبة ابن القيم، _c2002. |
| 300 | _a88 صفحة. | ||
| 650 | 1 | 7 | _aالعقيدة الدينية. |
| 650 | 1 | 7 | _aالإسلام. |
| 650 | 1 | 7 | _aالجنة. |
| 700 | 1 |
_aالسروجي، خالد محمود _eمحقق. |
|
| 700 | 1 |
_aبحري، محمد علي محمد _eمحقق. _d(243i) |
|
| 942 |
_2ddc _cBK |
||
| 999 |
_c29820 _d29820 |
||